000 00730nam a2200181 4500
999 _c13898
_d13898
020 _a9786210500479
082 _aFil. 899.2113 R6375f 2024
100 _aRodrigo, Didith T.
245 _aFelice, noel, and the christmas disaster =
_bFelice, noel at namiligrong kapaskuhan /
_cwritten by Rodrigo, Didith T ; translated by Reg S. Rodrigo ; illustrated by Jhucel A. del Rosario
260 _aMakati City
_bThe Bookmark, Inc.
_cc2024
300 _a20 pages :
_bchiefly color illustrations ;
_c25 x 20 cm
526 _a800-899
650 _aChristmas stories, Tagalog
650 _aDisasters -- Juvenile literature
650 _aChildren's stories, Tagalog
650 _aChildren's stories, Philippine (English)
942 _2ddc
_cBK